[Event "CAN Transnational op"]
[Site "Montreal"]
[Date "2023.06.09"]
[Round "4"]
[White "Ouellet, Maili Jade"]
[Black "Demchenko, Svitlana"]
[Result "0-1"]
[WhiteElo "2243"]
[BlackElo "2173"]
[PlyCount "78"]
[EventDate "2023.06.06"]
[EventType "swiss"]
[EventRounds "9"]
[EventCountry "CAN"]
[SourceTitle "CBM 214 Extra"]
[Source "ChessBase"]
[SourceDate "2023.07.31"]
[SourceVersion "1"]
[SourceVersionDate "2023.07.31"]
[SourceQuality "1"]

1. d4 d5 2. c4 e6 3. Nc3 h6 4. Bf4 Bd6 5. Bxd6 Qxd6 6. c5 Qe7 7. e3 Nf6 8. Nf3 Nbd7 9. b4 c6 10. b5 e5 11. Be2 0-0 12. 0-0 Ne4 13. Rc1 Nxc3 14. Rxc3 e4 15. Nd2 f5 16. bxc6 bxc6 17. Qa4 Qe6 18. Nc4 Rb8 19. Qxa7 f4 20. exf4 Rb4 21. Nd6 Rxd4 22. f5 Qe7 23. Qc7 Qe5 24. Qxc6 Rd2 25. Re3 Nb8 26. Qb6 Bxf5 27. Qa5 Rb2 28. Bb5 Bd7 29. a4 Qf6 30. Qe1 Nc6 31. Re2 Nd4 32. Rxb2 Nf3+ 33. Kh1 Nxe1 34. Rxe1 Qxb2 35. Bxd7 Qxf2 36. Rg1 Qxc5 37. Nb5 e3 38. Bg4 Rf2 39. h3 e2 0-1

[Event "CAN-ch (Women)"]
[Site "Toronto"]
[Date "2023.04.11"]
[Round "9"]
[White "Demchenko, Svitlana"]
[Black "Qian, Ashley"]
[Result "1-0"]
[WhiteElo "2183"]
[BlackElo "1567"]
[PlyCount "137"]
[EventDate "2023.04.06"]
[EventType "swiss"]
[EventRounds "9"]
[EventCountry "CAN"]
[SourceTitle "CBM 213 Extra"]
[Source "ChessBase"]
[SourceDate "2023.05.31"]
[SourceVersion "1"]
[SourceVersionDate "2023.05.31"]
[SourceQuality "1"]

1. e4 c5 2. Nf3 d6 3. Bb5+ Bd7 4. Bxd7+ Qxd7 5. 0-0 e6 6. c3 Nf6 7. Re1 Be7 8. d4 cxd4 9. cxd4 0-0 10. Nc3 Re8 11. h3 h6 12. Bf4 Nc6 13. d5 exd5 14. Nxd5 Nxd5 15. Qxd5 Red8 16. Rad1 Qc7 17. a3 a5 18. b3 Ne5 19. Nd4 Ng6 20. Bg3 Rd7 21. Nb5 Qb6 22. e5 Rad8 23. exd6 Bg5 24. a4 Bf4 25. Qf3 Bxg3 26. Qxg3 Nf8 27. Rc1 Ne6 28. Qe3 Qxe3 29. fxe3 g6 30. e4 f6 31. e5 fxe5 32. Rxe5 Ng7 33. Rc7 Nf5 34. g4 Nxd6 35. Rxd7 Rxd7 36. Rd5 Kf7 37. Rxd6 Re7 38. Kf2 Kg7 39. Rb6 Rf7+ 40. Ke3 Re7+ 41. Kd3 Rf7 42. Nd4 h5 43. g5 Kh7 44. Rf6 Re7 45. Ne6 Rd7+ 46. Ke4 Rd1 47. Rf7+ Kh8 48. Ke5 Rc1 49. Kf6 Kg8 50. Kxg6 Rc8 51. Rf8+ Rxf8 52. Nxf8 Kxf8 53. Kh7 h4 54. g6 Ke7 55. g7 Kd6 56. g8Q Kc6 57. Qc4+ Kb6 58. Qb5+ Ka7 59. Qxa5+ Kb8 60. Qb6 Kc8 61. a5 Kd7 62. Qxb7+ Kd6 63. Qb5 Kc7 64. Qb6+ Kd7 65. a6 Ke7 66. a7 Kd7 67. a8Q Ke7 68. Qaa7+ Ke8 69. Qbb8# 1-0

[Event "Olympiad Women-44"]
[Site "Chennai"]
[Date "2022.08.07"]
[Round "9.2"]
[White "Demchenko, Svitlana"]
[Black "Aydin, Gulenay"]
[Result "1/2-1/2"]
[WhiteElo "2122"]
[BlackElo "2100"]
[PlyCount "118"]
[EventDate "2022.07.29"]
[EventType "team-swiss"]
[EventRounds "11"]
[EventCountry "IND"]
[SourceTitle "CBM 210"]
[Source "ChessBase"]
[SourceDate "2022.10.31"]
[SourceVersion "1"]
[SourceVersionDate "2022.10.31"]
[SourceQuality "1"]
[WhiteTeam "Canada (W)"]
[BlackTeam "Turkey (W)"]
[WhiteTeamCountry "CAN"]
[BlackTeamCountry "TUR"]

1. e4 c6 2. Nf3 d5 3. Nc3 dxe4 4. Nxe4 Nf6 5. Qe2 Nxe4 6. Qxe4 Nd7 7. d4 Nf6 8. Qf4 g6 9. Bd3 Bg7 10. 0-0 0-0 11. Re1 Bg4 12. Ne5 Be6 13. Qh4 Qc8 14. Be3 Bf5 15. Rad1 Bxd3 16. Rxd3 h5 17. h3 Qe6 18. Bd2 Qxa2 19. Rb3 Qa6 20. g4 Rad8 21. gxh5 Nxh5 22. Qxe7 Rxd4 23. Bc3 Rdd8 24. Qxb7 Qa4 25. Qb4 Qa6 26. Qb7 Qa4 27. Nxc6 Bxc3 28. Rxc3 Rde8 29. Ne7+ Kh8 30. Qe4 Qxe4 31. Rxe4 Nf6 32. Rh4+ Kg7 33. Nf5+ gxf5 34. Rg3+ Ng4 35. hxg4 f4 36. Rc3 Rb8 37. b3 Rbc8 38. Rhh3 Kg6 39. Rhd3 Kg5 40. f3 Rfd8 41. Rxc8 Rxc8 42. c4 Rc5 43. Kf2 a5 44. Rd8 a4 45. bxa4 Rxc4 46. Rd5+ Kg6 47. a5 Rc2+ 48. Ke1 Ra2 49. g5 Kh5 50. Rf5 Kg6 51. Rb5 Kh5 52. Rf5 Kg6 53. Rxf4 Rxa5 54. Rf6+ Kxg5 55. Rxf7 Ra2 56. Kf1 Rb2 57. f4+ Kg4 58. f5 Kg5 59. f6 Rb6 1/2-1/2

[Event "Olympiad Women-44"]
[Site "Chennai"]
[Date "2022.08.06"]
[Round "8.2"]
[White "Chirivi Castiblanco, Jenny Astrid"]
[Black "Demchenko, Svitlana"]
[Result "0-1"]
[WhiteElo "2157"]
[BlackElo "2122"]
[PlyCount "100"]
[EventDate "2022.07.29"]
[EventType "team-swiss"]
[EventRounds "11"]
[EventCountry "IND"]
[SourceTitle "CBM 210"]
[Source "ChessBase"]
[SourceDate "2022.10.31"]
[SourceVersion "1"]
[SourceVersionDate "2022.10.31"]
[SourceQuality "1"]
[WhiteTeam "Colombia (W)"]
[BlackTeam "Canada (W)"]
[WhiteTeamCountry "COL"]
[BlackTeamCountry "CAN"]

1. d4 d5 2. c4 e6 3. Nc3 h6 4. Nf3 Nf6 5. Bf4 Bd6 6. e3 0-0 7. Be2 b6 8. 0-0 Bb7 9. Bxd6 Qxd6 10. cxd5 exd5 11. Rc1 Qe7 12. Ne1 c5 13. dxc5 bxc5 14. Na4 Nbd7 15. Nd3 Rac8 16. Bf3 Rfd8 17. Re1 Ba6 18. g3 Bxd3 19. Qxd3 Ne5 20. Qe2 Nxf3+ 21. Qxf3 Ne4 22. Qg2 Qe8 23. b3 c4 24. f3 Nf6 25. Qd2 Nd7 26. f4 Nf6 27. Nc3 cxb3 28. axb3 Qe6 29. Nb5 Ne4 30. Qe2 Qb6 31. Nd4 Nc5 32. Rc3 Ne6 33. Nxe6 Rxc3 34. Nxd8 Qxd8 35. b4 Qb6 36. Qd2 Rb3 37. Qxd5 Qxb4 38. Re2 a5 39. Kf2 a4 40. Qc6 a3 41. Rc2 Rb2 42. Kf3 Rxc2 43. Qxc2 Qb7+ 44. e4 Qa6 45. Qa2 Qd3+ 46. Kg4 g6 47. Kh3 Qf1+ 48. Kh4 Qc1 49. Qd5 Qb2 50. f5 a2 0-1

[Event "Paleochora op 15th"]
[Site "Paleochora"]
[Date "2022.07.21"]
[Round "6"]
[White "Demchenko, Svitlana"]
[Black "Pap, Misa"]
[Result "0-1"]
[WhiteElo "2122"]
[BlackElo "2375"]
[PlyCount "146"]
[EventDate "2022.07.17"]
[EventType "swiss"]
[EventRounds "9"]
[EventCountry "GRE"]
[SourceTitle "CBM 209 Extra"]
[Source "ChessBase"]
[SourceDate "2022.09.30"]
[SourceVersion "1"]
[SourceVersionDate "2022.09.30"]
[SourceQuality "1"]

1. d4 Nf6 2. Nf3 e6 3. Bf4 c5 4. e3 cxd4 5. exd4 b6 6. Bd3 Bb7 7. Nbd2 Be7 8. c3 d6 9. Qe2 Nbd7 10. h3 a6 11. a4 0-0 12. 0-0 Re8 13. Rfe1 Nf8 14. Ne4 Nd5 15. Bh2 h6 16. Qd2 Rc8 17. h4 Nh7 18. h5 Ndf6 19. Nxf6+ Nxf6 20. Qe2 Ra8 21. Nd2 Bf8 22. Ne4 Nd5 23. Qd2 Rc8 24. c4 Nf6 25. Nxf6+ Qxf6 26. Bf1 Qh4 27. a5 d5 28. cxd5 b5 29. dxe6 fxe6 30. Re5 Rcd8 31. Qe2 Bd6 32. Bg3 Qf6 33. Re3 Bxg3 34. Rxg3 Qxd4 35. Rc1 Re7 36. Rd3 Qxd3 37. Qxd3 Rxd3 38. Bxd3 Rd7 39. Bg6 Kf8 40. Kh2 Ke7 41. Kg3 Kd6 42. f3 Ke5 43. Rc5+ Kd4 44. Rc1 Bd5 45. Rc8 Re7 46. Be4 Bxe4 47. fxe4 e5 48. Rc6 Ra7 49. Kf3 Rf7+ 50. Ke2 Rf6 51. Rc7 g6 52. Rb7 gxh5 53. Rb6 Rf4 54. Rxa6 Rxe4+ 55. Kf2 Rf4+ 56. Ke2 Rg4 57. Kf2 Kd5 58. Rb6 Rb4 59. a6 Rxb2+ 60. Ke3 Rb3+ 61. Ke2 Ke4 62. Rxh6 Rb2+ 63. Kd1 Ra2 64. Rb6 Kd3 65. Rd6+ Kc4 66. Re6 e4 67. Rc6+ Kd3 68. Rd6+ Ke3 69. Rb6 h4 70. Rxb5 Rxa6 71. Rh5 Kf2 72. Rxh4 Rd6+ 73. Kc2 e3 0-1

[Event "Paleochora op 15th"]
[Site "Paleochora"]
[Date "2022.07.19"]
[Round "4"]
[White "Demchenko, Svitlana"]
[Black "Barbot, Pierre"]
[Result "1/2-1/2"]
[WhiteElo "2122"]
[BlackElo "2438"]
[PlyCount "108"]
[EventDate "2022.07.17"]
[EventType "swiss"]
[EventRounds "9"]
[EventCountry "GRE"]
[SourceTitle "CBM 209 Extra"]
[Source "ChessBase"]
[SourceDate "2022.09.30"]
[SourceVersion "1"]
[SourceVersionDate "2022.09.30"]
[SourceQuality "1"]

1. d4 Nf6 2. c4 e6 3. Nc3 Bb4 4. e3 0-0 5. Bd2 b6 6. Bd3 Bb7 7. Nf3 d5 8. cxd5 exd5 9. Rc1 a6 10. 0-0 Bd6 11. Ne5 c5 12. f4 Nc6 13. Ne2 Rc8 14. Be1 Ne4 15. Ng3 cxd4 16. Nxc6 Rxc6 17. Rxc6 Bxc6 18. exd4 Qd7 19. f5 Bxg3 20. Bxg3 Bb5 21. b3 Rc8 22. Bxb5 axb5 23. Qe2 f6 24. Be1 Rc1 25. Bb4 Qc6 26. Rxc1 Qxc1+ 27. Be1 h6 28. g3 Qa1 29. Kf1 Qxd4 30. Qxb5 Qe5 31. Qxb6 Qxf5+ 32. Kg2 Ng5 33. Qb8+ Kh7 34. Qf4 Qc2+ 35. Bf2 Kg6 36. g4 Kf7 37. Qf5 Qc6 38. Kf1 Ne6 39. Qf3 Qc1+ 40. Kg2 Nf4+ 41. Kg3 g5 42. Be3 Qe1+ 43. Qf2 Qc3 44. Qd2 d4 45. Qxc3 dxc3 46. Kf3 c2 47. a4 Ke6 48. Ke4 Ne2 49. a5 Kd6 50. a6 Kc7 51. b4 c1Q 52. Bxc1 Nxc1 53. Kf5 Nd3 54. Kxf6 Nf2 1/2-1/2

[Event "Paleochora op 15th"]
[Site "Paleochora"]
[Date "2022.07.18"]
[Round "2"]
[White "Demchenko, Svitlana"]
[Black "Barp, Alberto"]
[Result "1-0"]
[WhiteElo "2122"]
[BlackElo "2423"]
[PlyCount "147"]
[EventDate "2022.07.17"]
[EventType "swiss"]
[EventRounds "9"]
[EventCountry "GRE"]
[SourceTitle "CBM 209 Extra"]
[Source "ChessBase"]
[SourceDate "2022.09.30"]
[SourceVersion "1"]
[SourceVersionDate "2022.09.30"]
[SourceQuality "1"]

1. d4 Nf6 2. Nf3 d5 3. Bf4 c5 4. e3 Nc6 5. Nbd2 e6 6. c3 cxd4 7. exd4 Nh5 8. Be3 Bd6 9. Ne5 Nf6 10. f4 Qb6 11. Qb3 Ng8 12. Bb5 Nge7 13. c4 dxc4 14. Ndxc4 Qd8 15. Qa4 Bc7 16. 0-0 0-0 17. Nxc6 bxc6 18. Bxc6 Nxc6 19. Qxc6 Rb8 20. Rf2 Bb7 21. Qa4 Qd5 22. Rc1 Rfc8 23. b3 Qe4 24. Qb4 Bd5 25. Qe1 h6 26. Qe2 Bd8 27. Qc2 Rc6 28. Qxe4 Bxe4 29. Rff1 Ra6 30. Rf2 Rc6 31. Rff1 Ra6 32. Rf2 f6 33. Nd2 Bd5 34. Nb1 Bb6 35. Nc3 Rd8 36. Na4 Ba5 37. Rfc2 Rad6 38. Nc5 Rc8 39. a3 Re8 40. b4 Bb6 41. a4 a5 42. bxa5 Bxa5 43. Rb2 Ra8 44. Rcb1 Ra7 45. Bd2 Ba8 46. Bxa5 Rxa5 47. Rb5 Ra7 48. R5b4 Rc6 49. Rb6 e5 50. fxe5 fxe5 51. Rxc6 Bxc6 52. dxe5 Ra5 53. Rc1 Bxa4 54. e6 Be8 55. Nb7 Re5 56. Nd8 Rd5 57. e7 Rd7 58. Re1 Kh7 59. Re6 Ra7 60. Kf2 g6 61. h4 h5 62. Ke3 Kg7 63. g3 Ra3+ 64. Kf4 Ra4+ 65. Ke5 Ra5+ 66. Kd4 g5 67. Nb7 Ra4+ 68. Ke5 gxh4 69. gxh4 Ra1 70. Nd6 Re1+ 71. Kf5 Bd7 72. e8Q Bxe6+ 73. Qxe6 Rxe6 74. Kxe6 1-0

[Event "Toronto Ontario op"]
[Site "Toronto"]
[Date "2022.05.23"]
[Round "6"]
[White "Demchenko, Svitlana"]
[Black "Sambuev, Bator"]
[Result "1/2-1/2"]
[WhiteElo "2079"]
[BlackElo "2512"]
[PlyCount "131"]
[EventDate "2022.05.21"]
[EventType "swiss"]
[EventRounds "6"]
[EventCountry "CAN"]
[SourceTitle "CBM 209 Extra"]
[Source "ChessBase"]
[SourceDate "2022.09.30"]
[SourceVersion "1"]
[SourceVersionDate "2022.09.30"]
[SourceQuality "1"]

1. d4 g6 2. c4 Bg7 3. e4 d6 4. Nc3 e5 5. d5 f5 6. exf5 Bxf5 7. Bd3 Nf6 8. Nge2 0-0 9. Ng3 e4 10. Bc2 Nbd7 11. 0-0 Ne5 12. Ncxe4 Nxe4 13. Bxe4 Bd7 14. Qe2 Ng4 15. h3 Nxf2 16. Rxf2 Qh4 17. Nf5 gxf5 18. Rf4 Qg3 19. Rf3 Qe5 20. Bd3 Rae8 21. Qf1 c6 22. Kh1 cxd5 23. Bf4 Qxb2 24. Rb1 Qxa2 25. cxd5 Rf7 26. Rxb7 Rfe7 27. Rb1 Qa5 28. Bg3 Kh8 29. Bxf5 Qxd5 30. Rd1 Qa5 31. Bxd7 Rxd7 32. Rf7 Rxf7 33. Qxf7 Rf8 34. Qe7 Qb6 35. Qxd6 Qxd6 36. Rxd6 Kg8 37. Ra6 Bd4 38. Kh2 Bb6 39. Be5 Kf7 40. Kg3 Ke7 41. Bf4 Kd7 42. Kf3 Kc6 43. Ke4 Rd8 44. g4 Kb5 45. Ra2 Rd4+ 46. Kf5 Rc4 47. Be5 a5 48. h4 Be3 49. Rb2+ Ka6 50. Re2 Bc1 51. Bd6 Kb5 52. Re7 Rc6 53. Be5 Rh6 54. h5 a4 55. Bf4 Bxf4 56. Kxf4 a3 57. Re2 Rf6+ 58. Ke5 Ra6 59. g5 Kc4 60. Re1 a2 61. Ra1 Kb3 62. Kf5 Kb2 63. Rxa2+ Kxa2 64. g6 hxg6+ 65. hxg6 Rxg6 66. Kxg6 1/2-1/2

[Event "Toronto Ontario op"]
[Site "Toronto"]
[Date "2022.05.22"]
[Round "4"]
[White "Rodrigue Lemieux, Shawn"]
[Black "Demchenko, Svitlana"]
[Result "1/2-1/2"]
[WhiteElo "2393"]
[BlackElo "2079"]
[PlyCount "72"]
[EventDate "2022.05.21"]
[EventType "swiss"]
[EventRounds "6"]
[EventCountry "CAN"]
[SourceTitle "CBM 209 Extra"]
[Source "ChessBase"]
[SourceDate "2022.09.30"]
[SourceVersion "1"]
[SourceVersionDate "2022.09.30"]
[SourceQuality "1"]

1. c4 f5 2. g3 Nf6 3. Bg2 g6 4. Nc3 Bg7 5. d3 0-0 6. e4 fxe4 7. dxe4 d6 8. Nge2 c5 9. 0-0 Nc6 10. f4 Be6 11. b3 Qd7 12. Qd3 Bh3 13. Be3 Nb4 14. Qb1 Rf7 15. a3 Nc6 16. Qd3 e5 17. fxe5 Nxe5 18. Qc2 Bxg2 19. Kxg2 Re8 20. Rad1 Neg4 21. Bg1 Qc6 22. Nf4 Nxe4 23. Nxe4 Rxe4 24. Nd5 Qe8 25. Qd3 Re2+ 26. Kh1 Rff2 27. h3 Rh2+ 28. Bxh2 Rxh2+ 29. Kg1 Bd4+ 30. Qxd4 cxd4 31. hxg4 Qe2 32. Nf4 Qb2 33. Rb1 Qc2 34. Rbc1 Qb2 35. Rb1 Qc2 36. Rbc1 Qb2 1/2-1/2

[Event "Toronto Ontario op"]
[Site "Toronto"]
[Date "2022.05.21"]
[Round "1"]
[White "Demchenko, Svitlana"]
[Black "Plotkin, Mark"]
[Result "0-1"]
[WhiteElo "2079"]
[BlackElo "2350"]
[PlyCount "130"]
[EventDate "2022.05.21"]
[EventType "swiss"]
[EventRounds "6"]
[EventCountry "CAN"]
[SourceTitle "CBM 209 Extra"]
[Source "ChessBase"]
[SourceDate "2022.09.30"]
[SourceVersion "1"]
[SourceVersionDate "2022.09.30"]
[SourceQuality "1"]

1. d4 Nf6 2. c4 g6 3. Nc3 d5 4. cxd5 Nxd5 5. e4 Nxc3 6. bxc3 Bg7 7. Qa4+ Nd7 8. Nf3 0-0 9. Be2 c5 10. 0-0 a6 11. Qa3 Qc7 12. Bg5 Nf6 13. Bd3 Rd8 14. h3 b5 15. Rfe1 Bb7 16. Rac1 h6 17. Bd2 Nh5 18. Bf1 Rac8 19. Qb3 Nf6 20. Qb1 e6 21. c4 bxc4 22. Bxc4 Nd7 23. dxc5 Ne5 24. Nxe5 Rxd2 25. Nd3 Bc6 26. Rc2 Rxc2 27. Qxc2 Qa5 28. Qb1 Bc3 29. Re2 Bb5 30. Rc2 Bc6 31. Qb3 Bd4 32. Qb6 Qxb6 33. cxb6 a5 34. Nb2 Bxb6 35. Bb5 Bd7 36. Rxc8+ Bxc8 37. Nc4 Bc7 38. Kf1 Bb7 39. f3 Kg7 40. Ke2 Kf6 41. Ke3 Kg5 42. e5 Bd5 43. g3 h5 44. Nd6 Kh6 45. a4 f6 46. f4 fxe5 47. Nf7+ Kg7 48. Nxe5 g5 49. Nd3 h4 50. gxh4 gxh4 51. Ne5 Bg2 52. Nf3 Bd8 53. f5 exf5 54. Bd7 Bxh3 55. Kf4 Bc7+ 56. Kg5 Bg4 57. Nd4 Bd8+ 58. Kf4 Kf6 59. Nxf5 Bh3 60. Bc8 Bc7+ 61. Ke4 Bg2+ 62. Ke3 h3 63. Kf2 Bc6 64. Ne3 h2 65. Ng4+ Ke7 0-1

[Event "Kingston Canada zt (Women)"]
[Site "Kingston"]
[Date "2022.04.15"]
[Round "4"]
[White "Demchenko, Svitlana"]
[Black "Ouellet, Maili Jade"]
[Result "0-1"]
[WhiteElo "2079"]
[BlackElo "2179"]
[PlyCount "114"]
[EventDate "2022.04.13"]
[EventType "swiss"]
[EventRounds "9"]
[EventCountry "CAN"]
[SourceTitle "CBM 207 Extra"]
[Source "ChessBase"]
[SourceDate "2022.05.31"]
[SourceVersion "1"]
[SourceVersionDate "2022.05.31"]
[SourceQuality "1"]

1. e4 c6 2. Nf3 d5 3. exd5 cxd5 4. Ne5 Nf6 5. d4 g6 6. Bd3 Bg7 7. c3 0-0 8. 0-0 Nc6 9. f4 Bf5 10. Bxf5 gxf5 11. Nd2 e6 12. Rf3 Ne7 13. Rh3 Ng6 14. Nf1 Qc7 15. Ng3 Rfe8 16. Be3 Rac8 17. Qe2 Nf8 18. Kh1 Re7 19. Rg1 Ne4 20. Nh5 f6 21. Nd3 Ng6 22. g4 Nd6 23. g5 fxg5 24. Rxg5 Ne4 25. Rg2 Qc4 26. a3 Rf8 27. Bf2 Rff7 28. Qe1 Kf8 29. Bh4 Rc7 30. Ne5 Bxe5 31. fxe5 Ke8 32. Bf6 Kd7 33. Rf3 Kc6 34. h4 b6 35. Ng7 Nf8 36. h5 Kb7 37. Qh4 Qa4 38. Rf1 Qc6 39. h6 Ka6 40. Rf3 Qd7 41. Nh5 Qa4 42. Rf1 Qb5 43. Rfg1 Qd3 44. Nf4 Qf3 45. Kh2 Rc8 46. Bg7 Rc6 47. Rc2 Nd7 48. Nh5 f4 49. Qg4 Qd3 50. Qe2 Qxe2+ 51. Rxe2 Rf5 52. Nf6 Ndxf6 53. exf6 f3 54. Rxe4 dxe4 55. f7 Rxf7 56. Kg3 e3 57. Be5 f2 0-1

[Event "Online Olym Div Top-D"]
[Site "Chess.com INT"]
[Date "2021.09.10"]
[Round "8.4"]
[White "Demchenko, Svitlana"]
[Black "Obregon Garcia, Roxangel"]
[Result "1-0"]
[WhiteElo "2285"]
[BlackElo "2167"]
[PlyCount "101"]
[EventDate "2021.09.08"]
[EventType "team (rapid)"]
[EventRounds "9"]
[EventCountry "USA"]
[SourceTitle "CBM 204 Extra"]
[Source "ChessBase"]
[SourceDate "2021.11.30"]
[SourceVersion "1"]
[SourceVersionDate "2021.11.30"]
[SourceQuality "1"]
[WhiteTeam "Canada"]
[BlackTeam "Cuba"]
[WhiteTeamCountry "CAN"]
[BlackTeamCountry "CUB"]

1. e4 c5 2. Nf3 Nc6 3. c3 d5 4. exd5 Qxd5 5. d4 Bf5 6. Be3 cxd4 7. Nxd4 Nf6 8. Na3 Nxd4 9. Qxd4 Qxd4 10. Bxd4 e5 11. Bxe5 Bxa3 12. bxa3 0-0 13. 0-0-0 Ne4 14. Bd4 Rac8 15. Kb2 Rfd8 16. Be2 b6 17. Ba6 Rb8 18. Be2 h6 19. g4 Be6 20. f4 Nc5 21. h4 Na4+ 22. Kc2 Bxa2 23. g5 hxg5 24. hxg5 Rbc8 25. Ba6 Rc7 26. Be5 Rcd7 27. Rxd7 Rxd7 28. Bb5 Nc5 29. Bxd7 Nxd7 30. Bd4 Be6 31. Re1 Bf5+ 32. Kb2 f6 33. gxf6 gxf6 34. Re8+ Kf7 35. Ra8 Ke6 36. Rxa7 Kd5 37. a4 Kc6 38. Ra8 Be4 39. Rh8 f5 40. Rh6+ Kc7 41. Be5+ Kb7 42. Bd4 Kc7 43. Ka3 Kb7 44. Kb4 Bc6 45. Rh7 Kc7 46. Be5+ Kb7 47. Rf7 Ka6 48. Rxf5 Nc5 49. Rf6 Bxa4 50. Bd4 Bd7 51. Bxc5 1-0

[Event "Online Olym Div Top-D"]
[Site "Chess.com INT"]
[Date "2021.09.08"]
[Round "3.5"]
[White "De Freitas, Isabella Ribeiro Co"]
[Black "Demchenko, Svitlana"]
[Result "1-0"]
[WhiteElo "1909"]
[BlackElo "2285"]
[PlyCount "149"]
[EventDate "2021.09.08"]
[EventType "team (rapid)"]
[EventRounds "9"]
[EventCountry "USA"]
[SourceTitle "CBM 204 Extra"]
[Source "ChessBase"]
[SourceDate "2021.11.30"]
[SourceVersion "1"]
[SourceVersionDate "2021.11.30"]
[SourceQuality "1"]
[WhiteTeam "Brazil"]
[BlackTeam "Canada"]
[WhiteTeamCountry "BRA"]
[BlackTeamCountry "CAN"]

1. c4 Nf6 2. Nc3 e5 3. g3 d5 4. cxd5 Nxd5 5. Bg2 Nb6 6. Nf3 Nc6 7. 0-0 Be7 8. d3 Be6 9. Be3 f6 10. Rc1 Qd7 11. Nd2 Bh3 12. Nb3 h5 13. Ne4 h4 14. Nbc5 Qc8 15. f4 hxg3 16. hxg3 Nd5 17. Qd2 Nd4 18. Bxd4 exd4 19. Nf2 Bxg2 20. Kxg2 Ne3+ 21. Kg1 Nxf1 22. Kxf1 c6 23. Nb3 Qd7 24. Rc4 0-0-0 25. Rxd4 Qc7 26. Rc4 Rd5 27. Nd4 Qd7 28. Nf3 Rdh5 29. b4 b5 30. Rc2 g5 31. Qc1 Kb7 32. Qe3 gxf4 33. Qxf4 Bd6 34. Qd4 Qc7 35. Ne4 Rh1+ 36. Kg2 Be5 37. Nc5+ Kc8 38. Qg4+ Kb8 39. Na6+ Kb7 40. Nxc7 Bxc7 41. Qg7 R1h3 42. Kf2 R8h7 43. Qxf6 R7h6 44. Qe7 Rxg3 45. Qxc7+ Kxc7 46. Kxg3 Kb6 47. a3 a5 48. Ne5 Re6 49. Kf4 a4 50. Kf5 Rh6 51. Nd7+ Kc7 52. Nc5 Rh1 53. Ke5 Ra1 54. Rc3 Re1 55. e4 Rh1 56. Ne6+ Kd7 57. Nd4 Rh5+ 58. Nf5 Rh3 59. Kd4 Rf3 60. Kc5 Kc7 61. Nd4 Rh3 62. Ne6+ Kd7 63. Nd4 Kc7 64. e5 Rh5 65. Nf3 Rf5 66. d4 Rf8 67. d5 Rf4 68. d6+ Kd7 69. Kb6 c5 70. bxc5 b4 71. c6+ Ke6 72. axb4 Rxb4+ 73. Ka5 Rb1 74. c7 Kd5 75. c8Q 1-0

[Event "Online Olym Div Top-D"]
[Site "Chess.com INT"]
[Date "2021.09.08"]
[Round "2.1"]
[White "Demchenko, Svitlana"]
[Black "Hernandez Bermudez, Manuela"]
[Result "1-0"]
[WhiteElo "2285"]
[BlackElo "1921"]
[PlyCount "131"]
[EventDate "2021.09.08"]
[EventType "team (rapid)"]
[EventRounds "9"]
[EventCountry "USA"]
[SourceTitle "CBM 204 Extra"]
[Source "ChessBase"]
[SourceDate "2021.11.30"]
[SourceVersion "1"]
[SourceVersionDate "2021.11.30"]
[SourceQuality "1"]
[WhiteTeam "Canada"]
[BlackTeam "Colombia"]
[WhiteTeamCountry "CAN"]
[BlackTeamCountry "COL"]

1. Nf3 Nf6 2. d4 g6 3. Nc3 d5 4. Bf4 Bg7 5. e3 0-0 6. Ne5 c5 7. Be2 Nc6 8. dxc5 Qa5 9. 0-0 Qxc5 10. Nb5 Bf5 11. c3 Rfd8 12. b4 Qb6 13. Nxf7 Rd7 14. Ne5 Nxe5 15. Bxe5 a6 16. Nd4 Ne4 17. Bxg7 Nxc3 18. Qb3 Nxe2+ 19. Nxe2 Kxg7 20. Rad1 Rad8 21. Rd2 e5 22. Rfd1 d4 23. exd4 exd4 24. Nxd4 Qf6 25. Qe3 h6 26. h3 Kh7 27. g4 Be6 28. a3 Bg8 29. Nf3 Rxd2 30. Rxd2 Rxd2 31. Nxd2 Bd5 32. f3 Qd6 33. Kg2 Bc6 34. Nc4 Qf6 35. Ne5 Bd5 36. Qd4 Be6 37. Qd6 Kg7 38. Qc7+ Kg8 39. Qb8+ Kg7 40. Qxb7+ Kg8 41. Qb8+ Kg7 42. Qc7+ Kg8 43. Qd6 Kg7 44. Nd3 h5 45. Qxa6 hxg4 46. hxg4 Kg8 47. Qa8+ Kg7 48. Qa7+ Bf7 49. Qe3 Kg8 50. Qe5 Qd8 51. Nc5 Qd2+ 52. Kg3 Qc1 53. Qb8+ Kh7 54. Kf2 Qd2+ 55. Kg3 Qc1 56. Kg2 Qd2+ 57. Kh3 Qc3 58. Qf4 Kg7 59. Ne4 Qxa3 60. Qf6+ Kg8 61. Ng5 Be8 62. Qe6+ Kf8 63. Qf6+ Kg8 64. Qe7 Qa4 65. Qh7+ Kf8 66. Ne6# 1-0

[Event "World Cup U18 Girls Prel"]
[Site "Tornelo INT"]
[Date "2021.08.01"]
[Round "2"]
[White "Demchenko, Svitlana"]
[Black "Chua, Jia Tien"]
[Result "1-0"]
[WhiteElo "2089"]
[BlackElo "1822"]
[PlyCount "93"]
[EventDate "2021.08.01"]
[EventType "swiss (rapid)"]
[EventRounds "10"]
[EventCountry "NET"]
[SourceTitle "EXT 2024"]
[Source "ChessBase"]
[SourceDate "2023.10.10"]
[SourceVersion "1"]
[SourceVersionDate "2023.10.10"]
[SourceQuality "1"]

1. e4 c5 2. Nf3 d6 3. d4 cxd4 4. Nxd4 Nf6 5. Nc3 a6 6. g3 e5 7. Nf3 Be7 8. Bg2 Be6 9. Nh4 0-0 10. Nf5 Re8 11. Bg5 Bf8 12. Qd2 h6 13. Bxf6 Qxf6 14. Ne3 Nc6 15. Ncd5 Qd8 16. 0-0 Rc8 17. f4 exf4 18. gxf4 Qh4 19. Rae1 Bh3 20. c3 Kh8 21. Rf3 Bxg2 22. Nxg2 Qg4 23. Rg3 Qe6 24. Nh4 Na5 25. b3 Rc5 26. Kf2 Rcc8 27. Nf5 b5 28. Nd4 Qd7 29. Nb6 Qb7 30. Nxc8 Qxc8 31. Nf5 Nb7 32. Nd4 Nc5 33. Qc2 Qb7 34. Rge3 Qe7 35. b4 Qh4+ 36. Kg1 Nd7 37. Qf2 Qf6 38. e5 dxe5 39. fxe5 Qg6+ 40. Rg3 Qb6 41. Qxf7 Qb8 42. e6 Nf6 43. Nf5 Qb6+ 44. Kg2 Qc6+ 45. Kh3 Qc4 46. Nxg7 Rd8 47. Qxf6 1-0

[Event "World Cup U18 Girls Prel"]
[Site "Tornelo INT"]
[Date "2021.08.01"]
[Round "6"]
[White "Demchenko, Svitlana"]
[Black "Singgih, Diajeng Theresa"]
[Result "1-0"]
[WhiteElo "2089"]
[BlackElo "1972"]
[PlyCount "67"]
[EventDate "2021.08.01"]
[EventType "swiss (rapid)"]
[EventRounds "10"]
[EventCountry "NET"]
[SourceTitle "EXT 2024"]
[Source "ChessBase"]
[SourceDate "2023.10.10"]
[SourceVersion "1"]
[SourceVersionDate "2023.10.10"]
[SourceQuality "1"]

1. d4 d5 2. Nf3 Nf6 3. Bf4 e6 4. e3 Bd6 5. Bg3 0-0 6. Bd3 b6 7. Nbd2 Bb7 8. Ne5 c5 9. c3 Ne4 10. Qc2 f5 11. 0-0-0 c4 12. Bxe4 fxe4 13. f3 exf3 14. gxf3 Nc6 15. Rhg1 b5 16. f4 b4 17. Ndf3 Be7 18. Nxc6 Bxc6 19. Ne5 Rc8 20. cxb4 Bxb4 21. Be1 Bxe1 22. Rdxe1 Bb5 23. Rg3 Rc7 24. Reg1 c3 25. bxc3 Rf5 26. Kd2 Qf8 27. Rb1 Rh5 28. Rg2 Qe8 29. a4 Bc4 30. Qb2 h6 31. Qb8 Qxb8 32. Rxb8+ Kh7 33. Ng6 Rc6 34. Rh8# 1-0

[Event "FIDE World Cup (Women)"]
[Site "Krasnaya Polyana"]
[Date "2021.07.14"]
[Round "1.4"]
[White "Cyfka, Karina"]
[Black "Demchenko, Svitlana"]
[Result "1/2-1/2"]
[WhiteElo "2417"]
[BlackElo "2089"]
[PlyCount "71"]
[EventDate "2021.07.12"]
[EventType "k.o."]
[EventRounds "7"]
[EventCountry "RUS"]
[SourceTitle "CBM 203"]
[Source "ChessBase"]
[SourceDate "2021.08.31"]
[SourceVersion "1"]
[SourceVersionDate "2021.08.31"]
[SourceQuality "1"]

1. d4 Nf6 2. c4 e6 3. Nf3 Bb4+ 4. Nbd2 b6 5. a3 Bxd2+ 6. Qxd2 Bb7 7. e3 Ne4 8. Qc2 0-0 9. Be2 d6 10. 0-0 Nd7 11. b4 f5 12. Bb2 Ng5 13. Ne1 f4 14. exf4 Rxf4 15. f3 Qe7 16. Rd1 e5 17. d5 h6 18. Nd3 Rf7 19. Nf2 Raf8 20. Bc1 Bc8 21. Kh1 Nf6 22. Bd3 e4 23. fxe4 Nfxe4 24. Nxe4 Nxe4 25. Rxf7 Qxf7 26. Kg1 Qf2+ 27. Qxf2 Nxf2 28. Rd2 Nxd3 29. Rxd3 Bg4 30. Re3 Bh5 31. h3 Bg6 32. Bb2 Rf4 33. Re7 Rf7 34. Re3 Rf4 35. Re7 Rf7 36. Re3 1/2-1/2